01074nam a2200289Ia 450000500170000000800410001702000180005810000220007624501070009825000180020530000570022349000580028053400300033865000440036865000480041265000320046070000400049270000390053294200150057126400490058633600270063533700330066233800280069504000350072308400110075899900150076920220317001525.0161108s2013 m a g 000 f s  a97860716314591 aFine, Anned1947-13aEl diario de un gato asesinocAnne Fine ; ilustrado por Damián Ortega ; traducido por Ernestina Loyo a2a. edición a53 páginasbilustraciones en blanco y negroc19 cm aA la orilla del viento : para los que empiezan a leer tThe Diary of a Killer Cat142LEMBaNovela infantil inglesaySiglo XX142LEMBaLiteratura infantil inglesaySiglo XX142LEMBaGatos e la literatura1 aOrtega, Damiáneilustrador9749351 aLoyo, Ernestinaetraductora912487 2loccBKLIT aMéxicobFondo de Cultura Económicac2013 atextobtxt2rdacontent asin mediaciónbn2rdamedia avolumenbnc2rdacarrier aCO-BoRNBPbspaerdacCO-BoRNBP aN FIN1 c7241d7241